000 00548nam a2200205Ia 4500
003 0100
008 130303s9999 xx 000 0 und d
040 _cARRUPELIB
050 _aHD82.S4851968
100 _aShaffer, Harry G
245 _aFrom underdevelopment to affluence
245 _bWestern, Soviet and Chinese views
260 _aNew York
260 _bAppleto-Century-Crofts
260 _C1968
300 _axv
300 _b 441 p.ill. 24cm
700 _aedited by Harry G. Shaffer Jan S. Prybyla , Prybyla, Jan S
942 0 0 _01
999 _c35657
_d35657